000
00256nam a2200097Ia 4500
008
241105s9999 xx 000 0 und d
041
_a
eng
100
_a
Sen Riti
_9
182595
245
_a
Gharta Senior Citizen Housing
260
_b
Final Year B. Arch, BNCA
_c
2014
999
_c
360886
_d
360886